| 000 | 00391nam a22001697a 4500 | ||
|---|---|---|---|
| 003 | OSt | ||
| 005 | 20211223092057.0 | ||
| 008 | 211223b |||||||| |||| 00| 0 eng d | ||
| 020 | _a0130661023 | ||
| 040 | _cHU | ||
| 082 |
_24th ed _a004.6 |
||
| 100 |
_aTanenbaum S.Andrew _924477 |
||
| 245 | _aComputer Netwerks | ||
| 260 |
_aHALL PTR _bHALL PTR |
||
| 300 | _f891 | ||
| 942 |
_2ddc _cBOOKS _n0 |
||
| 999 |
_c23595 _d23595 |
||